000 00758nam a22001937a 4500
999 _c371751
_d371751
008 201127b ||||| |||| 00| 0 eng d
040 _aDE-2950
_bger
_cDE-2950
_erda
041 _ager
245 _a"Blaue Brücke" hat viel vor.
_bKrieg. Ehrenamtler, die wochenlang Spenden am Bahnhof und Brückenplatz an Ukraine-Geflüchtete verteilten, haben einen eigenen Verein gegründet/
_cJacqueline Westermann
264 _c2022
653 _aFrankfurt (Oder)
653 _aUkrainehilfe
655 _yVerein
773 _dFrankfurt (Oder) Märkisches Verlags- und Druckhaus GmbH & Co KG
_tMärkische Oderzeitung
_g33. Jahrgang (2022) Nr. 163 vom 15.07.2022, S. 16 : Foto
942 _cA